000 00845nam a2200241 i 4500
001 bg
245 0 0 _aNarodowy Plan Rozwoju.
260 _aWarszawa :
_bMinisterstwo Gospodarki i Pracy. Departament Koordynacji Polityki Strukturalnej. Instytucja Zarządzająca Podstawami Wsparcia Wspólnoty,
_c[2005].
300 _a24 s. :
_bil. ;
_c21 cm.
500 _aU góry okładki: Narodowy Plan Rozwoju 2004-2006.
650 9 _aRozwój gospodarczy
_xprognozy
_zPolska
650 9 _aPlanowanie gospodarcze
_zPolska
_yod 2001 r.
650 9 _aNarodowy Plan Rozwoju 2004-2006
651 9 _aPolska
_xgospodarka
_xpolityka
_xprojekty
_zod 2001 r.
020 _a8374510110
040 _cBPK
041 0 _apol
044 _aPOL
080 _a346.51:338.26](438)
920 _a83-7451-011-0
942 _cKS
008 100825s2005 pl a |000 0 pol
999 _c49574
_d49574
856 _uhttp://koha.tu.koszalin.pl/cgi-bin/koha/opac-detail.pl?biblionumber=49574
_yKatalog online BPK